000 00470nam a2200169 4500
001 110030
003 ES-MaACL
005 20230906184950.0
007 t|
008 061121s1931 sp r ||||1| spa d
100 1 _aObregón, Antonio de,
_d1910-1985
_986423
245 1 1 _a"Efectos navales`
_b: novela /
_cAntonio de Obregón.
260 _aMadrid :
_bGalo Sèz,
_c1931.
300 _a158 p. ;
_c17 cm.
852 _aES-MaACL
_jB-12658
999 _c110030
_d110030